000 02035nam a2200373 a 4500
001 ebr10110148
003 CaPaEBR
006 m u
007 cr cn|||||||||
008 050406s2005 enk sb 001 0 eng
010 _z 2005009680
020 _z1853598410 (hbk : alk. paper)
020 _z1853598402 (pbk : alk. paper)
020 _z1853598429 (electronic)
040 _aCaPaEBR
_cCaPaEBR
035 _a(OCoLC)62140944
050 1 4 _aP115
_b.D4 2005eb
082 0 4 _a306.44/6
_222
100 1 _aDe Bot, Kees.
245 1 0 _aLanguage and aging in multilingual contexts
_h[electronic resource] /
_cKees de Bot and Sinfree Makoni.
260 _aClevedon ;
_aBuffalo :
_bMultilingual Matters Ltd.,
_cc2005.
300 _avi, 162 p.
490 1 _aBilingual education and bilingualism ;
_v53
504 _aIncludes bibliographical references and index.
505 0 _tIntroduction: language, aging and multilingualism --
_tLanguage and aging, a dynamic perspective --
_tLanguage and communication with the elderly --
_tLanguage use and language skills in the healthy and pathological aging --
_tResources in language and aging --
_tMultilingualism, aging and dementia --
_tBilingual aging in older African-Americans --
_tThe effect of age and education on narrative complexity in older Chinese in the USA /
_rSinfree Makoni with Hwei-Bing-Lin & Robert Schrauf --
_tLanguage in an epidemiological study: the North Manhattan aging study in New York City --
_tOld and new perspectives on language and aging.
533 _aElectronic reproduction.
_bPalo Alto, Calif. :
_cebrary,
_d2013.
_nAvailable via World Wide Web.
_nAccess may be limited to ebrary affiliated libraries.
650 0 _aMultilingualism.
650 0 _aAging.
655 7 _aElectronic books.
_2local
700 1 _aMakoni, Sinfree.
710 2 _aebrary, Inc.
830 0 _aBilingual education and bilingualism ;
_v53.
856 4 0 _uhttp://site.ebrary.com/lib/rucke/Doc?id=10110148
_zAn electronic book accessible through the World Wide Web; click to view
999 _c107481
_d107481